000 00346nam a2200121Ia 4500
008 220615s9999||||xx |||||||||||||| ||und||
245 0 _aCell Biology
_bNew Insights
546 _aEnglish[eng]
650 _aCytology
700 _aNajman, Stevo
856 _uhttps://mts.intechopen.com/storage/books/4696/authors_book/authors_book.pdf
942 _cEB
999 _c18903
_d18903